00796cam a2200229 a 45000010008000000030006000080050017000140080041000310100017000720200015000890400018001040500023001220820019001451000045001642400066002092450137002752600036004123000028004485000043004766300025005197000022005441188661GBCCL20241126110608.0970520s1996 tnu d 000 0 eng  a 97153185  a0840775598 aDLCcDLCdDLC00aBS440b.V746 1996a00a220.3221bVIN1 aVine, W. E.q(William Edwy),d1873-1949.10aComplete expository dictionary of Old and New Testament words10aVine's complete expository dictionary of Old and New Testament words /bW.E. Vine ; [edited by] Merrill F. Unger, William White, Jr. aNashville :bT. Nelson,cc1985. axviii, 755 p. ;c25 cm. a"Keyed to Strong's reference numbers."00aBiblexDictionaries.1 aUnger, Merrill F.